| 000 | 00386nam a2200145Ia 4500 | ||
|---|---|---|---|
| 008 | 100204s9999 xx 000 0 und d | ||
| 082 | _b22162 | ||
| 100 | _aROBERT ZELENY | ||
| 245 | _aTHE 1990 WORLD BOOK- YEAR BOOK | ||
| 260 |
_b"WWORLD BOOK, N, Y" _c1990 |
||
| 300 | _a576 | ||
| 630 | _aTHE 1990 WORLD BOOK- YEAR BOOK | ||
| 730 | _aTHE 1990 WORLD BOOK- YEAR BOOK | ||
| 942 | _cBOOK | ||
| 999 |
_c467274 _d467271 |
||